Fallout 3 Locations - DLC - Statistics

General Stats
  • This quiz has been taken 8 times
  • The average score is 14 of 77
Answer Stats
Answer % Correct
Calvert Mansion
57%
Downtown
57%
Haven
57%
The Mill
57%
Uptown
57%
Ark & Dove Cathedral
43%
Blackhall Manor
43%
Bridge
43%
Bridge
43%
Coastal Grotto
43%
Cryo Lab
43%
Disaster Relief Outpost
43%
Engineering Core
43%
Hangar
43%
Holding Cells
43%
Homestead Hotel
43%
House of Wares
43%
Olney Powerworks
43%
Outcast Outpost
43%
Point Lookout Lighthouse
43%
Presidential Metro
43%
Sacred Bog
43%
Space Walk
43%
Train Tunnel
43%
Turtledove Detention Camp
43%
USS Ozymandias
43%
Weapons Lab
43%
Cargo Hold
29%
Death Ray Control
29%
Haley's Hardware
29%
Herzog Mine
29%
Ritual Site
29%
Cryo Storage
14%
Marguerite's Shack
14%
Point Lookout Pier
14%
Waste Disposal
14%
Abandoned Apartments
0%
Adams Storage Facility
0%
Air Control Tower
0%
Ark and Dove Resting Grounds
0%
Beachview Campsite
0%
Biological Research
0%
Death Ray Hub
0%
Decompression Chamber
0%
Dove Delta
0%
Engine Room
0%
Experimentation Lab
0%
Flooded Sinkhole
0%
Grower's Shack
0%
Hank's Electrical Supply
0%
Holy Light Monestary
0%
Jet Crash Site
0%
Kenny's Cave
0%
Lil' Tyke Playhouse
0%
Living Quarters
0%
Maintenance Level
0%
Mobile Base Crawler
0%
Museum Authority Building
0%
Observation Deck
0%
Ofie Clan Plot
0%
Old Olney S. Wilson Building
0%
Old Olney Underground
0%
Pilgrim's Landing
0%
Pitt Steelyard
0%
Presidential Sub Level
0%
Research Lab
0%
Robot Assembly
0%
Rockland Har Tunnel
0%
Satellite Relay Station
0%
Steamworks
0%
Sub Recovery Site
0%
Train Yard
0%
Trapper's Shack
0%
Trash Heap
0%
Truck Wreckage
0%
White House Plaza
0%
Wrecked Seatub
0%
No matching quizzes found
Score Distribution
Percent of People with Each Score
Percentile by Number Answered
Your Score History
You have not taken this quiz